Burg und Stadt. - München [u.a.] : Deutscher Kunstverlag. - 2008 [Rezension]
| Titel: | Burg und Stadt. - München [u.a.] : Deutscher Kunstverlag. - 2008 [Rezension] |
|---|---|
| Verfasser: | |
| In: |
Jahrbuch für Regionalgeschichte, Band 28 (2010), Seite 146-148 alle Artikel anzeigen |
| Veröffentlicht: | 2010 |
| Format: | Aufsatz |
| Sprache: | Deutsch |
X
alg: 39507057
001A $01999:12-11-16
001B $01999:01-06-17 $t18:19:11.000
001D $01999:12-11-16
001U $0utf8
001X $00
002@ $0Aox
003@ $0395070570
007A $0395070570 $aHEB
007T $0Herdc0084473m
010@ $ager
011@ $a2010
021A $aBurg und Stadt. - München {[u.a.] : Deutscher Kunstverlag. - 2008 [Rezension]
028A $aZeilinger $dGabriel
031A $d28 $h146-148 $j2010
039B $aIn $8--Abvc--. Jahrbuch für Regionalgeschichte. - Stuttgart : Steiner, 1965-. - ISSN 1860-8248 $x201000000280000854 $9046840451
039T $8--Aau--. Burg und Stadt. - München {[u.a.] : Deutscher Kunstverlag, 2008. - 263 S.. - zahlr. Ill., graph. Darst.. - ISBN 978-3-422-06845-2 $9199263736
045T $a8,1
lok: 39507057 78
exp: 39507057 78 1 #EPN
201B/01 $018-11-16 $t13:39:29.000
201U/01 $0utf8
203@/01 $0791369218
208@/01 $a12-11-16 $be
209A/01 $a/ $f000 $x00
220C/01 $aTitelaufnehmer: pg
220C/01 $aHerkunft: HI Marburg
244Z/01 $2Trx $#arvustused $#recenzijos $#Reviews $#recenziók $#recenzje $#recenzie $#recenze $8--Trx--Rezensionen $x01 $9391357441
247C/01 $82080>Marburg/Lahn, Herder-Institut, Forschungsbibliothek, Bibliographieportal $9336309341
| LEADER | 00000caa a22000002c 4500 | ||
|---|---|---|---|
| 001 | 395070570 | ||
| 003 | DE-603 | ||
| 005 | 20170601181911.0 | ||
| 007 | tu | ||
| 008 | 161112s2010 xx |||| | u00||u|ger c | ||
| 035 | |a (DE-599)HEB395070570 | ||
| 040 | |a DE-603 |b ger |c DE-603 |d DE-603 | ||
| 041 | |a ger | ||
| 084 | |a 8,1 |2 ssgn | ||
| 100 | 1 | |a Zeilinger, Gabriel | |
| 245 | 0 | 0 | |a Burg und Stadt. - München [u.a.] : Deutscher Kunstverlag. - 2008 [Rezension] |
| 264 | 0 | |c 2010 | |
| 773 | 0 | 8 | |i In |t Jahrbuch für Regionalgeschichte |d Stuttgart : Steiner, 1965- |x 1860-8248 |g Band 28 (2010), Seite 146-148 |w (DE-603)046840451 |w (DE-600)2629-3 |
| 787 | 0 | 8 | |i Rezension von |t Burg und Stadt |d München [u.a.] : Deutscher Kunstverlag, 2008 |h 263 S., zahlr. Ill., graph. Darst. |z 9783422068452 |w (DE-603)199263736 |
| 924 | 0 | |9 2080 |a (DE-603)791369218 |b DE-2080 |c HES |d d |g / | |


